Diccionario mixteco de San Juan Colorada / (Record no. 87538)

MARC details
000 -CABECERA
campo de control de longitud fija 00724nam a2200205 a 4500
005 - FECHA Y HORA DE LA ÚLTIMA TRANSACCIÓN
campo de control 20240813063758.0
008 - ELEMENTOS DE LONGITUD FIJA--INFORMACIÓN GENERAL
campo de control de longitud fija 011030s1986 mx r 000 0 spa d
035 ## - NÚMERO DE CONTROL DEL SISTEMA
Número de control de sistema UPN01000113630
049 ## - COLECCIÓN
Colección C
050 #4 - SIGNATURA TOPOGRÁFICA DE LA BIBLIOTECA DEL CONGRESO
Número de clasificación PM4016
Número de documento/Ítem D5.3
245 00 - MENCIÓN DE TÍTULO
Título Diccionario mixteco de San Juan Colorada /
Mención de responsabilidad, etc. comp. Sara Stark Campbell ; colab. Catalina López de García.
260 ## - PUBLICACIÓN, DISTRIBUCIÓN, ETC.
Lugar de publicación, distribución, etc. México :
Nombre del editor, distribuidor, etc. ILVAC,
Fecha de publicación, distribución, etc. 1986.
300 ## - DESCRIPCIÓN FÍSICA
Extensión xii, 209 p.
440 #0 - MENCIÓN DE SERIE/ASIENTO SECUNDARIO--TÍTULO
Título Serie de vocabularios y diccionario indígenas Mariano Silva Aceves ;
Designación de volumen o secuencia 29
650 #4 - ASIENTO SECUNDARIO DE MATERIA - TERMINO TEMATICO
Término de materia o nombre geográfico como elemento de entrada Mixteco
Subdivisión de forma Diccionarios
9 (RLIN) 17370
650 #4 - ASIENTO SECUNDARIO DE MATERIA - TERMINO TEMATICO
Término de materia o nombre geográfico como elemento de entrada Indígenas de México
Subdivisión geográfica Oaxaca
Subdivisión general Lenguas
9 (RLIN) 17368
700 1# - ASIENTO SECUNDARIO--NOMBRE DE PERSONAL
Nombre de persona Stark Campbell, Sara,
Término indicativo de función/relación comp.
700 1# - ASIENTO SECUNDARIO--NOMBRE DE PERSONAL
Nombre de persona López de García, Catalina,
Término indicativo de función/relación colab.
905 ## - TIPO DE MATERIAL
Tipo de material Libro
Holdings
Estado de retiro Estado de pérdida Fuente del sistema de clasificación o colocación Estado dañado No para préstamo Código de colección Localización permanente Ubicación/localización actual Ubicación en estantería Total de préstamos Clasificación Código de barras Fecha visto por última vez Número de copia Tipo de ítem Koha
    Library of Congress Classification     Colección General Bib. Gregorio Torres Quintero Bib. Gregorio Torres Quintero Planta baja   PM4016 D5.3 170840 31/12/2020 1 Libro